| 000 | 00429nam a2200157 4500 | ||
|---|---|---|---|
| 001 | 113873 | ||
| 003 | ES-MaACL | ||
| 005 | 20230906190026.0 | ||
| 007 | t| | ||
| 008 | 061121s1972 pr r ||||1| spa d | ||
| 100 | 0 |
_aPáez López, Guillermo. _988239 |
|
| 245 | 1 | 0 |
_aVentanales del alma / _cGuillermo Pèz López. |
| 260 |
_aPuerto Rico : _bEPRAN, _c1972. |
||
| 300 |
_a83 p. ; _c17 cm. |
||
| 852 |
_aES-MaACL _jC-43923 _bR.83033 |
||
| 999 |
_c113873 _d113873 |
||